Normal view
MARC view
- Bradshaw,Percy
Entry Personal Name
001 - CONTROL NUMBER
- control field: 111712
003 - CONTROL NUMBER IDENTIFIER
- control field: NUST
005 - DATE AND TIME OF LATEST TRANSACTION
- control field: 20230404112929.0
008 - FIXED-LENGTH DATA ELEMENTS
- fixed length control field: 230404|| aca||aabn | a|a d
040 ## - CATALOGING SOURCE
- Original cataloging agency: NUST
- Transcribing agency: NUST
100 ## - HEADING--PERSONAL NAME
- Personal name: Bradshaw,Percy
670 ## - SOURCE DATA FOUND
- Source citation: Work cat.: (NUST)187029: Bradshaw,Percy, Nice People to Know /
